000 00541nam a2200193Ia 4500
005 20250326141811.0
008 250326s9999 xx 000 0 und d
020 _a0-13-658501-9
037 _aTextbook
040 _aFMSL
_beng
_cFMSL
041 _aeng
_2eng
084 _aX:9 M7
_qFMSL
100 _aTorrington D
_9735916
245 0 _aPersonnel management :new approach
_cTorrington D; Hall L
260 _aNew Delhi
_bNew Delhi, Prentice-Hall
_c1987
300 _a602p
942 _cTB
_hX:9 M7
999 _c1292028
_d1292028